000 00616nam a2200217Ii 4500
003 JO-AjNU
008 230606s9999||||xx |||||||||||||| ||und||
020 _a978-0-230-25161-8 / 978-0-230-25162-5
040 _aJO-AjNU
_beng
_erda
_cJO-AjNU
041 _aeng
050 1 4 _aBJ1012.N486.2011
100 3 _aBrady,Michael,
_eauthor
_92613
245 0 0 _aNew Waves in Metaethics
250 _aFirst Edition
264 3 1 _aNew York:Palgrave Macmillan,2011
300 _a300p
336 _atext
_btxt
_2rdacontent
337 _aunmediated
_bn
_2rdamedia
338 _avolume
_bnc
_2rdacarrier
650 4 _aEthics
_92614
999 _aE1366
_c1366
_d1366